| 000 | 00979nam a2200193 i 4500 | ||
|---|---|---|---|
| 001 | 183646 | ||
| 003 | ES-MaACL | ||
| 005 | 20230906221936.0 | ||
| 008 | 140912s1874 sp |||| | spa d | ||
| 080 | _a061.41(748 Filadelfia)"1876" | ||
| 110 | 1 |
_aEspaña. _bMinisterio de Fomento. _93868 |
|
| 245 | 1 | 0 | _aDecretos, reglamentos y órdenes del Ministerio de Fomento organizando la Comisión general española encargada de entender en todo lo concerniente a la Exposición Universal, que desde el 19 de abril hasta el 19 de octubre de 1876 ha de celebrarse en Filadelfia, y Reglamento de la Comisión Norte-Americana de dicha exposición. |
| 260 |
_a[S.l.] : _b[s.n.], _c1874 ( _eMadrid : _fImp. Nacional) |
||
| 300 |
_a27 p. ; _c20 cm. |
||
| 594 | _aPrecede al título: Exposición Universal de Filadelfia. | ||
| 611 | 2 | 4 |
_aExposición Universal. _d1876. _cFiladelfia) _9155411 |
| 711 | 2 |
_aExposición Universal ( _d1876. _cFiladelfia) _9155411 |
|
| 852 |
_aES-MaACL _jT-1288-F-5 |
||
| 999 |
_c183646 _d183646 |
||